[Event "Andorra open"]
[Site "Escaldes"]
[Date "2018.07.22"]
[Round "2.23"]
[White "Gomez Barrera, Javiera Belen"]
[Black "Berkovich, Mark A"]
[Result "0-1"]
[WhiteElo "2063"]
[BlackElo "2344"]
[PlyCount "102"]
[EventDate "2018.07.21"]
[EventType "swiss"]
[EventCountry "AND"]

1. e4 c6 2. d4 d5 3. e5 c5 4. dxc5 Nc6 5. Nf3 Bg4 6. c3 e6 7. Be3 a6 8. Nbd2
Nxe5 9. Be2 Nc6 10. Qa4 Bxf3 11. Nxf3 Nf6 12. Ne5 Qa5 13. Qxa5 Nxa5 14. b4 Nc6
15. Nxc6 bxc6 16. O-O Be7 17. a4 a5 18. b5 Ne4 19. bxc6 Bxc5 20. Bd4 Ke7 21. f3
Bxd4+ 22. cxd4 Nd6 23. Rfc1 Rhc8 24. Rc5 Nf5 25. Rd1 Kd6 26. Rb5 Rxc6 27. Rb7
Rc7 28. Rb6+ Ke7 29. g4 Nd6 30. Rdb1 Raa7 31. Rb8 Rc2 32. R1b2 Rxb2 33. Rxb2
Rb7 34. Rxb7+ Nxb7 35. Ba6 Nd8 36. Kf2 g5 37. Ke3 f6 38. Bb5 h6 39. f4 Nf7 40.
Bd3 Kd6 41. Ba6 Nd8 42. Bd3 Nc6 43. f5 e5 44. dxe5+ Kxe5 45. h3 Nb4 46. Bb5 d4+
47. Kf3 Nd5 48. Bd3 Nf4 49. Bf1 h5 50. Bb5 h4 51. Bf1 Kd5 0-1

[Event "Andorra open"]
[Site "Escaldes"]
[Date "2018.07.22"]
[Round "2.24"]
[White "Ruperez Benito, Antonio"]
[Black "Rothebarth, Ana Vitoria De Paul"]
[Result "1-0"]
[WhiteElo "2329"]
[BlackElo "2080"]
[PlyCount "115"]
[EventDate "2018.07.21"]
[EventType "swiss"]
[EventCountry "AND"]

1. e4 e5 2. Nf3 Nc6 3. Bc4 Bc5 4. c3 Nf6 5. d3 O-O 6. Bb3 d5 7. Nbd2 dxe4 8.
dxe4 Qe7 9. Qe2 h6 10. O-O a6 11. h3 Nh5 12. Kh2 Nf4 13. Qd1 Rd8 14. Ng1 Qf6
15. Bc2 Be6 16. Qf3 Qg6 17. Nb3 Bxb3 18. axb3 Ne6 19. b4 Be7 20. Qf5 Qxf5 21.
exf5 Nf4 22. Be4 Rd6 23. Nf3 Bf6 24. Be3 Nd8 25. Bc5 Rd7 26. Rfd1 Rxd1 27. Rxd1
Nc6 28. Rd7 Rc8 29. g3 Nh5 30. g4 Nf4 31. h4 Nb8 32. Rd2 b6 33. Be3 Re8 34. Kg3
g5 35. fxg6 fxg6 36. g5 hxg5 37. hxg5 Be7 38. Nxe5 Nh5+ 39. Kg4 Bd6 40. Bxg6
Rxe5 41. Kxh5 Re7 42. Bxb6 Nc6 43. Bc5 Bf4 44. Bxe7 Bxd2 45. Bc5 Bc1 46. Be4
Ne5 47. Bd4 Bf4 48. Bxe5 Bxe5 49. Kg4 Bd6 50. Bd3 c5 51. Bxa6 cxb4 52. cxb4
Bxb4 53. f4 Bc5 54. f5 Kg7 55. f6+ Kg6 56. Bd3+ Kf7 57. Kf5 Bd4 58. g6+ 1-0

[Event "Andorra open"]
[Site "Escaldes"]
[Date "2018.07.22"]
[Round "2.25"]
[White "Partac, Elena"]
[Black "Terao, Juliana Sayumi"]
[Result "1/2-1/2"]
[WhiteElo "2059"]
[BlackElo "2308"]
[PlyCount "41"]
[EventDate "2018.07.21"]
[EventType "swiss"]
[EventCountry "AND"]

1. e4 c5 2. Nf3 Nc6 3. Bb5 e6 4. O-O Nge7 5. d4 cxd4 6. Nxd4 Qb6 7. Nxc6 bxc6
8. Be2 Ng6 9. Nc3 Be7 10. Rb1 O-O 11. Be3 Qa5 12. Qd2 Kh8 13. f4 f6 14. a3 Bc5
15. Kh1 d5 16. Bxc5 Qxc5 17. b4 Qd6 18. Na4 Qc7 19. exd5 exd5 20. Nc5 Bf5 21.
Bd3 1/2-1/2

[Event "Andorra open"]
[Site "Escaldes"]
[Date "2018.07.23"]
[Round "3.1"]
[White "Fedorchuk, Sergey A"]
[Black "Aloma Vidal, Roberto"]
[Result "1-0"]
[WhiteElo "2626"]
[BlackElo "2433"]
[PlyCount "63"]
[EventDate "2018.07.21"]
[EventType "swiss"]
[EventCountry "AND"]

1. e4 {[%emt 0:01:02]} e5 {[%emt 0:00:14]} 2. Nf3 {[%emt 0:00:15]} Nf6 {
[%emt 0:00:05]} 3. Nxe5 {[%emt 0:11:00]} d6 {[%emt 0:00:19]} 4. Nf3 {[%emt 0:
00:06]} Nxe4 {[%emt 0:00:07]} 5. Nc3 {[%emt 0:00:10]} Nxc3 {[%emt 0:00:15]} 6.
dxc3 {[%emt 0:00:06]} Be7 {[%emt 0:00:07]} 7. Be3 {[%emt 0:00:16]} O-O {
[%emt 0:00:33]} 8. Bd3 {[%emt 0:00:26]} Nc6 {[%emt 0:04:12]} 9. Qe2 {[%emt 0:
00:39]} Ne5 {[%emt 0:22:09]} 10. Nxe5 {[%emt 0:04:05]} dxe5 {[%emt 0:00:06]}
11. O-O-O {[%emt 0:00:11]} Qe8 {[%emt 0:00:54]} 12. a3 {[%emt 0:01:01]} Be6 {
[%emt 0:08:26]} 13. Qf3 {[%emt 0:14:17]} f5 {[%emt 0:08:48]} 14. Qxb7 {[%emt 0:
00:52]} Bd6 {[%emt 0:00:54]} 15. Qa6 {[%emt 0:24:10]} f4 {[%emt 0:20:22]} 16.
Bd2 {[%emt 0:00:05]} Rb8 {[%emt 0:02:59]} 17. Rhe1 {[%emt 0:01:02]} Rb6 {
[%emt 0:06:27]} 18. Qa5 {[%emt 0:00:08]} Qc6 {[%emt 0:00:51]} 19. Rxe5 {
[%emt 0:03:12]} Bxe5 {[%emt 0:12:18]} 20. Qxe5 {[%emt 0:00:18]} Rfb8 {[%emt 0:
04:53]} 21. b4 {[%emt 0:02:13]} Qa4 {[%emt 0:03:47]} 22. Bxf4 {[%emt 0:01:01]}
Qxa3+ {[%emt 0:00:22]} 23. Kd2 {[%emt 0:00:04]} Rd6 {[%emt 0:01:16]} 24. Qe4 {
[%emt 0:01:04]} Rxd3+ {[%emt 0:00:13]} 25. Qxd3 {[%emt 0:00:15]} Rf8 {[%emt 0:
01:16]} 26. Qe3 {[%emt 0:03:09]} Bd5 {[%emt 0:01:16]} 27. Bxc7 {[%emt 0:03:10]}
Qa2 {[%emt 0:00:15]} 28. f3 {[%emt 0:01:44]} Rc8 {[%emt 0:00:15]} 29. Be5 {
[%emt 0:00:29]} Bf7 {[%emt 0:00:53]} 30. Qg5 {[%emt 0:04:09]} Bg6 {[%emt 0:00:
19]} 31. Qe7 {[%emt 0:00:39]} Bf7 {[%emt 0:00:33]} 32. Ke3 {[%emt 0:02:39]} 1-0

[Event "Andorra open"]
[Site "Escaldes"]
[Date "2018.07.23"]
[Round "3.2"]
[White "Fluvia Poyatos, Jordi"]
[Black "Lagarde, Maxime"]
[Result "0-1"]
[WhiteElo "2436"]
[BlackElo "2615"]
[PlyCount "60"]
[EventDate "2018.07.21"]
[EventType "swiss"]
[EventCountry "AND"]

1. e4 {[%emt 0:00:03]} c5 {[%emt 0:00:04]} 2. Nf3 {[%emt 0:00:19]} d6 {[%emt 0:
00:05]} 3. d4 {[%emt 0:00:17]} cxd4 {[%emt 0:00:04]} 4. Nxd4 {[%emt 0:00:06]}
Nf6 {[%emt 0:00:02]} 5. Nc3 {[%emt 0:00:09]} a6 {[%emt 0:00:05]} 6. h3 {
[%emt 0:01:01]} e6 {[%emt 0:00:54]} 7. g4 {[%emt 0:00:40]} Nfd7 {[%emt 0:00:24]
} 8. g5 {[%emt 0:10:16]} b5 {[%emt 0:05:48]} 9. a3 {[%emt 0:02:47]} Bb7 {
[%emt 0:01:02]} 10. Be3 {[%emt 0:00:46]} Nb6 {[%emt 0:01:09]} 11. Qg4 {[%emt 0:
12:00]} N8d7 {[%emt 0:02:18]} 12. f4 {[%emt 0:08:34]} Rc8 {[%emt 0:01:35]} 13.
Bd3 {[%emt 0:04:05]} Nc4 {[%emt 0:08:17]} 14. Bxc4 {[%emt 0:00:53]} Rxc4 {
[%emt 0:00:04]} 15. O-O {[%emt 0:05:06]} g6 {[%emt 0:04:18]} 16. f5 {[%emt 0:
04:16]} gxf5 {[%emt 0:05:02]} 17. Qh5 {[%emt 0:04:55]} Rxd4 {[%emt 0:00:14]}
18. Bxd4 {[%emt 0:00:24]} Rg8 {[%emt 0:00:04]} 19. h4 {[%emt 0:02:10]} h6 {
[%emt 0:07:48]} 20. Kh2 {[%emt 0:09:06]} hxg5 {[%emt 0:00:48]} 21. Rae1 {
[%emt 0:15:00]} f4 {[%emt 0:06:33]} 22. e5 {[%emt 0:01:38]} Rg6 {[%emt 0:01:00]
} 23. Ne4 {[%emt 0:02:41]} Bxe4 {[%emt 0:01:38]} 24. Rxe4 {[%emt 0:00:06]} Rh6
{[%emt 0:00:10]} 25. Qf3 {[%emt 0:00:24]} dxe5 {[%emt 0:02:12]} 26. Bxe5 {
[%emt 0:01:28]} f5 {[%emt 0:06:22]} 27. Re2 {[%emt 0:04:51]} g4 {[%emt 0:07:58]
} 28. Qxf4 {[%emt 0:00:29]} Nxe5 {[%emt 0:00:59]} 29. Rxe5 {[%emt 0:01:23]}
Qxh4+ {[%emt 0:01:37]} 30. Kg2 {[%emt 0:01:10]} Bd6 {[%emt 0:00:32]} 0-1

[Event "Andorra open"]
[Site "Escaldes"]
[Date "2018.07.23"]
[Round "3.3"]
[White "Postny, Evgeny"]
[Black "Beshukov, Sergei"]
[Result "1-0"]
[WhiteElo "2585"]
[BlackElo "2417"]
[PlyCount "99"]
[EventDate "2018.07.21"]
[EventType "swiss"]
[EventCountry "AND"]

1. d4 {[%emt 0:00:02]} d5 {[%emt 0:00:07]} 2. c4 {[%emt 0:00:05]} c6 {[%emt 0:
00:04]} 3. Nf3 {[%emt 0:00:05]} Nf6 {[%emt 0:00:06]} 4. e3 {[%emt 0:00:06]} e6
{[%emt 0:05:26]} 5. Bd3 {[%emt 0:01:05]} Nbd7 {[%emt 0:00:37]} 6. O-O {[%emt 0:
00:32]} Be7 {[%emt 0:01:17]} 7. b3 {[%emt 0:00:59]} b6 {[%emt 0:05:09]} 8. Bb2
{[%emt 0:00:42]} Bb7 {[%emt 0:00:18]} 9. Nc3 {[%emt 0:00:22]} O-O {[%emt 0:00:
43]} 10. Qe2 {[%emt 0:04:18]} Re8 {[%emt 0:14:53]} 11. Rad1 {[%emt 0:05:36]}
Qc7 {[%emt 0:12:05]} 12. Ne5 {[%emt 0:03:25]} a6 {[%emt 0:12:50]} 13. f4 {
[%emt 0:01:58]} c5 {[%emt 0:00:33]} 14. cxd5 {[%emt 0:11:30]} exd5 {[%emt 0:00:
34]} 15. Rf3 {[%emt 0:01:19]} Nf8 {[%emt 0:03:56]} 16. Rh3 {[%emt 0:05:46]} b5
{[%emt 0:02:02]} 17. Bb1 {[%emt 0:07:59]} c4 {[%emt 0:08:00]} 18. e4 {[%emt 0:
11:09]} dxe4 {[%emt 0:06:02]} 19. bxc4 {[%emt 0:00:21]} bxc4 {[%emt 0:00:28]}
20. Nxe4 {[%emt 0:05:45]} Nxe4 {[%emt 0:02:06]} 21. Bxe4 {[%emt 0:00:13]} Bxe4
{[%emt 0:00:07]} 22. Qxe4 {[%emt 0:00:03]} Rac8 {[%emt 0:01:17]} 23. Nxf7 {
[%emt 0:06:14]} Ba3 {[%emt 0:06:30]} 24. Nh6+ {[%emt 0:05:09]} gxh6 {[%emt 0:
01:50]} 25. Qd5+ {[%emt 0:00:09]} Qf7 {[%emt 0:00:48]} 26. Qxf7+ {[%emt 0:00:
26]} Kxf7 {[%emt 0:00:05]} 27. Bxa3 {[%emt 0:02:11]} Re2 {[%emt 0:02:11]} 28.
Rxh6 {[%emt 0:09:17]} Rxa2 {[%emt 0:02:24]} 29. Bxf8 {[%emt 0:03:34]} Kxf8 {
[%emt 0:00:29]} 30. Rxh7 {[%emt 0:02:30]} Kg8 {[%emt 0:00:31]} 31. Rh3 {
[%emt 0:02:01]} c3 {[%emt 0:04:26]} 32. Rc1 {[%emt 0:00:48]} c2 {[%emt 0:00:09]
} 33. Kf1 {[%emt 0:01:07]} Ra4 {[%emt 0:03:32]} 34. Rd3 {[%emt 0:04:01]} Kf7 {
[%emt 0:00:19]} 35. Ke2 {[%emt 0:00:28]} Ke6 {[%emt 0:00:50]} 36. d5+ {[%emt 0:
04:10]} Kd6 {[%emt 0:00:05]} 37. g3 {[%emt 0:00:05]} a5 {[%emt 0:00:40]} 38. h4
{[%emt 0:01:53]} Rac4 {[%emt 0:00:23]} 39. Kd2 {[%emt 0:00:20]} a4 {[%emt 0:01:
06]} 40. h5 {[%emt 0:00:14]} R8c5 {[%emt 0:00:22]} 41. f5 {[%emt 0:15:44]} a3 {
[%emt 0:10:01]} 42. Rxa3 {[%emt 0:06:32]} Rxd5+ {[%emt 0:00:14]} 43. Rd3 {
[%emt 0:00:04]} Rxd3+ {[%emt 0:00:27]} 44. Kxd3 {[%emt 0:00:04]} Rg4 {[%emt 0:
00:06]} 45. Kxc2 {[%emt 0:01:06]} Rxg3 {[%emt 0:00:16]} 46. Rh1 {[%emt 0:00:03]
} Ke7 {[%emt 0:05:12]} 47. h6 {[%emt 0:00:08]} Rg8 {[%emt 0:00:05]} 48. h7 {
[%emt 0:00:48]} Rh8 {[%emt 0:00:06]} 49. Rh6 {[%emt 0:00:11]} Kf7 {[%emt 0:00:
27]} 50. f6 {[%emt 0:00:13]} 1-0

[Event "Andorra open"]
[Site "Escaldes"]
[Date "2018.07.23"]
[Round "3.4"]
[White "Jerez Perez, Alfonso"]
[Black "Shabalov, Alexander"]
[Result "1/2-1/2"]
[WhiteElo "2423"]
[BlackElo "2567"]
[PlyCount "69"]
[EventDate "2018.07.21"]
[EventType "swiss"]
[EventCountry "AND"]

1. e4 {[%emt 0:00:04]} g6 {[%emt 0:00:09]} 2. d4 {[%emt 0:00:52]} Bg7 {[%emt 0:
00:05]} 3. Nf3 {[%emt 0:00:07]} d6 {[%emt 0:00:34]} 4. Nc3 {[%emt 0:00:22]} a6
{[%emt 0:00:05]} 5. a4 {[%emt 0:00:50]} Nf6 {[%emt 0:00:41]} 6. Be2 {[%emt 0:
00:20]} O-O {[%emt 0:00:29]} 7. O-O {[%emt 0:00:16]} b6 {[%emt 0:01:31]} 8. Re1
{[%emt 0:01:04]} Bb7 {[%emt 0:00:34]} 9. Bf1 {[%emt 0:01:11]} Nc6 {[%emt 0:00:
36]} 10. d5 {[%emt 0:02:35]} Nb4 {[%emt 0:00:27]} 11. a5 {[%emt 0:05:12]} bxa5
{[%emt 0:10:54]} 12. Rxa5 {[%emt 0:06:56]} e6 {[%emt 0:13:25]} 13. dxe6 {
[%emt 0:06:20]} fxe6 {[%emt 0:00:08]} 14. Nd4 {[%emt 0:22:54]} c5 {[%emt 0:05:
14]} 15. Nb3 {[%emt 0:00:30]} Rc8 {[%emt 0:05:34]} 16. e5 {[%emt 0:21:58]} Nfd5
{[%emt 0:08:44]} 17. Nxd5 {[%emt 0:00:31]} exd5 {[%emt 0:09:05]} 18. e6 {
[%emt 0:14:08]} Qf6 {[%emt 0:05:39]} 19. f4 {[%emt 0:05:08]} d4 {[%emt 0:04:34]
} 20. Bd2 {[%emt 0:01:52]} Rc7 {[%emt 0:06:46]} 21. Bxb4 {[%emt 0:03:30]} cxb4
{[%emt 0:00:05]} 22. Qd2 {[%emt 0:00:26]} Re8 {[%emt 0:04:36]} 23. Bxa6 {
[%emt 0:00:27]} Bxa6 {[%emt 0:01:07]} 24. Rxa6 {[%emt 0:00:04]} Rxe6 {[%emt 0:
00:07]} 25. Ra8+ {[%emt 0:00:47]} Kf7 {[%emt 0:00:23]} 26. Raa1 {[%emt 0:01:07]
} Re3 {[%emt 0:11:13]} 27. Rxe3 {[%emt 0:00:31]} dxe3 {[%emt 0:00:04]} 28. Qxe3
{[%emt 0:00:04]} Qxb2 {[%emt 0:00:37]} 29. Re1 {[%emt 0:00:53]} Bf6 {[%emt 0:
00:51]} 30. Qe6+ {[%emt 0:01:00]} Kg7 {[%emt 0:00:05]} 31. Qxd6 {[%emt 0:00:10]
} Rxc2 {[%emt 0:02:39]} 32. Qd7+ {[%emt 0:00:27]} Kh6 {[%emt 0:00:04]} 33. Qh3+
{[%emt 0:00:05]} Kg7 {[%emt 0:00:03]} 34. Qd7+ {[%emt 0:00:04]} Kh6 {[%emt 0:
00:03]} 35. Qh3+ {[%emt 0:00:05]} 1/2-1/2

[Event "Andorra open"]
[Site "Escaldes"]
[Date "2018.07.23"]
[Round "3.5"]
[White "Kunin, Vitaly"]
[Black "Trepat Herranz, Joan"]
[Result "1-0"]
[WhiteElo "2538"]
[BlackElo "2380"]
[PlyCount "85"]
[EventDate "2018.07.21"]
[EventType "swiss"]
[EventCountry "AND"]

1. Nf3 {[%emt 0:00:10]} Nf6 {[%emt 0:00:29]} 2. g3 {[%emt 0:00:38]} e6 {
[%emt 0:01:15]} 3. Bg2 {[%emt 0:00:11]} d5 {[%emt 0:00:12]} 4. O-O {[%emt 0:00:
29]} Be7 {[%emt 0:00:22]} 5. c4 {[%emt 0:00:30]} d4 {[%emt 0:04:56]} 6. e3 {
[%emt 0:00:26]} c5 {[%emt 0:00:14]} 7. exd4 {[%emt 0:02:10]} cxd4 {[%emt 0:00:
12]} 8. d3 {[%emt 0:00:10]} Nc6 {[%emt 0:00:29]} 9. Re1 {[%emt 0:03:55]} O-O {
[%emt 0:00:29]} 10. b3 {[%emt 0:01:57]} Ne8 {[%emt 0:09:37]} 11. a3 {[%emt 0:
03:38]} a5 {[%emt 0:00:55]} 12. Ra2 {[%emt 0:05:42]} f6 {[%emt 0:03:29]} 13.
Nh4 {[%emt 0:03:51]} g5 {[%emt 0:03:27]} 14. Nf3 {[%emt 0:01:22]} e5 {[%emt 0:
04:19]} 15. h3 {[%emt 0:02:14]} Bf5 {[%emt 0:03:16]} 16. Nh2 {[%emt 0:01:01]}
Kh8 {[%emt 0:22:14]} 17. Qe2 {[%emt 0:11:40]} Ng7 {[%emt 0:09:17]} 18. Nd2 {
[%emt 0:08:48]} Qd7 {[%emt 0:01:07]} 19. g4 {[%emt 0:08:08]} Bg6 {[%emt 0:01:
12]} 20. Ne4 {[%emt 0:00:07]} Ne6 {[%emt 0:01:16]} 21. Nf3 {[%emt 0:02:10]}
Rae8 {[%emt 0:05:50]} 22. Qd1 {[%emt 0:03:38]} Nc5 {[%emt 0:06:56]} 23. Nxc5 {
[%emt 0:02:06]} Bxc5 {[%emt 0:00:06]} 24. Nd2 {[%emt 0:02:15]} Bxd3 {[%emt 0:
03:14]} 25. Ne4 {[%emt 0:00:09]} Bxe4 {[%emt 0:00:09]} 26. Bxe4 {[%emt 0:00:08]
} Ne7 {[%emt 0:01:47]} 27. Bd2 {[%emt 0:02:28]} b6 {[%emt 0:04:44]} 28. b4 {
[%emt 0:00:19]} axb4 {[%emt 0:00:08]} 29. axb4 {[%emt 0:00:08]} Bd6 {[%emt 0:
00:04]} 30. Qe2 {[%emt 0:04:32]} Rc8 {[%emt 0:07:41]} 31. Ra6 {[%emt 0:03:43]}
Qc7 {[%emt 0:00:47]} 32. Rc1 {[%emt 0:01:50]} f5 {[%emt 0:03:14]} 33. gxf5 {
[%emt 0:00:11]} Nxf5 {[%emt 0:00:03]} 34. c5 {[%emt 0:04:51]} bxc5 {[%emt 0:01:
33]} 35. bxc5 {[%emt 0:00:24]} Be7 {[%emt 0:01:11]} 36. Qg4 {[%emt 0:08:16]}
Qd7 {[%emt 0:00:40]} 37. c6 {[%emt 0:00:54]} Qe6 {[%emt 0:00:11]} 38. Ra7 {
[%emt 0:00:18]} Bd6 {[%emt 0:00:59]} 39. Rd7 {[%emt 0:05:41]} Bc7 {[%emt 0:01:
35]} 40. Rb1 {[%emt 0:05:42]} Ng7 {[%emt 0:00:30]} 41. Qxg5 {[%emt 0:05:15]}
Rg8 {[%emt 0:05:31]} 42. Kh2 {[%emt 0:02:43]} Rcf8 {[%emt 0:01:29]} 43. Qh4 {
[%emt 0:00:35]} 1-0

[Event "Andorra open"]
[Site "Escaldes"]
[Date "2018.07.23"]
[Round "3.6"]
[White "Ruiz Castillo, Joshua Daniel"]
[Black "Del Rio De Angelis, Salvador G"]
[Result "1/2-1/2"]
[WhiteElo "2410"]
[BlackElo "2525"]
[PlyCount "131"]
[EventDate "2018.07.21"]
[EventType "swiss"]
[EventCountry "AND"]

1. e4 {[%emt 0:06:01]} e6 {[%emt 0:00:10]} 2. d4 {[%emt 0:00:05]} d5 {[%emt 0:
00:06]} 3. Nc3 {[%emt 0:00:03]} Bb4 {[%emt 0:00:08]} 4. e5 {[%emt 0:00:04]} b6
{[%emt 0:00:08]} 5. Qg4 {[%emt 0:00:12]} Bf8 {[%emt 0:00:09]} 6. Bg5 {[%emt 0:
05:14]} Qd7 {[%emt 0:00:18]} 7. f4 {[%emt 0:02:25]} h6 {[%emt 0:02:57]} 8. Bh4
{[%emt 0:00:17]} h5 {[%emt 0:00:12]} 9. Qh3 {[%emt 0:00:05]} Ba6 {[%emt 0:00:
07]} 10. O-O-O {[%emt 0:00:38]} Bxf1 {[%emt 0:07:34]} 11. Rxf1 {[%emt 0:00:04]}
Nh6 {[%emt 0:00:06]} 12. Nge2 {[%emt 0:14:51]} Nc6 {[%emt 0:11:51]} 13. Bg5 {
[%emt 0:03:56]} g6 {[%emt 0:06:08]} 14. Qd3 {[%emt 0:06:41]} Nf5 {[%emt 0:03:
55]} 15. g3 {[%emt 0:06:10]} Nb4 {[%emt 0:04:50]} 16. Qd2 {[%emt 0:00:04]} c5 {
[%emt 0:00:08]} 17. dxc5 {[%emt 0:01:47]} Bxc5 {[%emt 0:02:19]} 18. Rf3 {
[%emt 0:00:17]} Qc6 {[%emt 0:00:35]} 19. a3 {[%emt 0:02:41]} d4 {[%emt 0:01:13]
} 20. axb4 {[%emt 0:00:03]} Qxf3 {[%emt 0:00:08]} 21. Rd1 Be7 {[%emt 0:12:27]}
22. Nb5 {[%emt 0:11:56]} Bxg5 {[%emt 0:08:13]} 23. Nc7+ {[%emt 0:00:32]} Kf8 {
[%emt 0:00:10]} 24. Nxa8 {[%emt 0:00:23]} Be7 {[%emt 0:00:07]} 25. Nc7 {
[%emt 0:00:13]} Qc6 {[%emt 0:01:33]} 26. Na6 {[%emt 0:00:04]} Qa4 {[%emt 0:00:
16]} 27. Qd3 {[%emt 0:00:03]} Ne3 {[%emt 0:02:13]} 28. Rg1 Kg7 {[%emt 0:10:50]}
29. Kb1 {[%emt 0:00:56]} Nxc2 {[%emt 0:03:10]} 30. Qxc2 {[%emt 0:00:21]} Qxa6 {
[%emt 0:00:04]} 31. Nxd4 {[%emt 0:00:02]} Bxb4 {[%emt 0:00:23]} 32. g4 {
[%emt 0:05:02]} hxg4 {[%emt 0:07:24]} 33. Rxg4 {[%emt 0:00:05]} Qc8 {[%emt 0:
00:48]} 34. Qxc8 {[%emt 0:01:26]} Rxc8 {[%emt 0:00:11]} 35. f5 exf5 {[%emt 0:
01:19]} 36. Nxf5+ {[%emt 0:00:05]} Kf8 {[%emt 0:02:37]} 37. Rxb4 {[%emt 0:04:
33]} gxf5 {[%emt 0:00:05]} 38. Rf4 {[%emt 0:00:02]} Ke7 {[%emt 0:00:17]} 39.
Rxf5 {[%emt 0:00:01]} Rh8 {[%emt 0:00:17]} 40. Rf2 {[%emt 0:00:12]} Rh5 {
[%emt 0:00:11]} 41. Rc2 {[%emt 0:00:04]} Rxe5 {[%emt 0:01:08]} 42. Rc7+ {
[%emt 0:00:09]} Ke6 {[%emt 0:00:04]} 43. Rxa7 {[%emt 0:00:03]} f5 {[%emt 0:00:
05]} 44. Ra4 {[%emt 0:02:29]} Re2 {[%emt 0:01:06]} 45. Rb4 {[%emt 0:01:58]} Ke5
{[%emt 0:00:28]} 46. Rxb6 {[%emt 0:00:16]} Rd2 {[%emt 0:01:14]} 47. Kc1 {
[%emt 0:03:25]} Rd7 {[%emt 0:00:25]} 48. Rb8 {[%emt 0:02:27]} f4 {[%emt 0:00:
08]} 49. Re8+ {[%emt 0:00:40]} Kf5 {[%emt 0:00:33]} 50. Rf8+ {[%emt 0:00:05]}
Ke4 {[%emt 0:00:10]} 51. Kc2 {[%emt 0:00:13]} Ke3 {[%emt 0:00:30]} 52. b4 {
[%emt 0:00:09]} f3 {[%emt 0:02:10]} 53. Re8+ {[%emt 0:01:39]} Kf2 {[%emt 0:00:
07]} 54. Kc3 {[%emt 0:00:15]} Rf7 {[%emt 0:00:26]} 55. Kd4 {[%emt 0:05:10]} Kf1
{[%emt 0:03:51]} 56. b5 {[%emt 0:01:07]} f2 {[%emt 0:00:19]} 57. Ra8 {[%emt 0:
00:04]} Rf4+ {[%emt 0:01:36]} 58. Kc5 {[%emt 0:01:06]} Ke2 {[%emt 0:00:08]} 59.
Ra2+ {[%emt 0:03:02]} Kd3 {[%emt 0:00:14]} 60. Rxf2 {[%emt 0:00:02]} Rxf2 {
[%emt 0:00:05]} 61. b6 {[%emt 0:00:03]} Rxh2 {[%emt 0:01:25]} 62. b7 {[%emt 0:
00:04]} Rh8 {[%emt 0:00:05]} 63. Kc6 {[%emt 0:00:06]} Ke2 {[%emt 0:00:05]} 64.
Kc7 {[%emt 0:00:03]} Kf1 {[%emt 0:00:05]} 65. b8=Q {[%emt 0:00:04]} Rxb8 {
[%emt 0:00:04]} 66. Kxb8 {[%emt 0:00:04]} 1/2-1/2

[Event "Andorra open"]
[Site "Escaldes"]
[Date "2018.07.23"]
[Round "3.7"]
[White "Barbero Sendic, Alejandro"]
[Black "Repka, Christopher"]
[Result "0-1"]
[WhiteElo "2388"]
[BlackElo "2519"]
[PlyCount "46"]
[EventDate "2018.07.21"]
[EventType "swiss"]
[EventCountry "AND"]

1. e4 {[%emt 0:00:04]} c5 {[%emt 0:00:03]} 2. Nf3 {[%emt 0:00:11]} d6 {[%emt 0:
00:04]} 3. d4 {[%emt 0:00:13]} cxd4 {[%emt 0:00:05]} 4. Nxd4 {[%emt 0:00:18]}
Nf6 {[%emt 0:00:04]} 5. Nc3 {[%emt 0:00:13]} a6 {[%emt 0:00:04]} 6. Be2 {
[%emt 0:00:19]} g6 {[%emt 0:00:28]} 7. Be3 {[%emt 0:00:25]} Bg7 {[%emt 0:00:06]
} 8. Qd2 {[%emt 0:00:07]} Nc6 {[%emt 0:00:50]} 9. f3 {[%emt 0:00:59]} Bd7 {
[%emt 0:00:11]} 10. O-O-O {[%emt 0:00:20]} Rc8 {[%emt 0:00:39]} 11. g4 {
[%emt 0:03:32]} b5 {[%emt 0:03:50]} 12. Nxc6 {[%emt 0:11:58]} Bxc6 {[%emt 0:00:
31]} 13. Bh6 {[%emt 0:00:51]} Bxh6 {[%emt 0:08:10]} 14. Qxh6 {[%emt 0:00:08]}
Qa5 {[%emt 0:01:37]} 15. Qd2 {[%emt 0:31:16]} b4 {[%emt 0:21:35]} 16. Nb1 {
[%emt 0:00:40]} O-O {[%emt 0:03:21]} 17. h4 {[%emt 0:02:27]} Rc7 {[%emt 0:31:
46]} 18. Qd4 {[%emt 0:16:30]} Rfc8 {[%emt 0:01:50]} 19. Rd2 {[%emt 0:00:08]} e5
{[%emt 0:01:47]} 20. Qe3 {[%emt 0:09:28]} Qxa2 {[%emt 0:00:13]} 21. h5 {
[%emt 0:02:42]} Ba4 {[%emt 0:00:27]} 22. Bd1 {[%emt 0:00:06]} Rc3 {[%emt 0:05:
35]} 23. Qb6 {[%emt 0:02:12]} Rb3 {[%emt 0:01:20]} 0-1

[Event "Andorra open"]
[Site "Escaldes"]
[Date "2018.07.23"]
[Round "3.8"]
[White "Arizmendi Martinez, Julen Luis"]
[Black "Ruperez Benito, Antonio"]
[Result "1-0"]
[WhiteElo "2507"]
[BlackElo "2329"]
[PlyCount "61"]
[EventDate "2018.07.21"]
[EventType "swiss"]
[EventCountry "AND"]

1. e4 {[%emt 0:04:15]} e6 {[%emt 0:00:06]} 2. d4 {[%emt 0:00:13]} d5 {[%emt 0:
00:04]} 3. Nd2 {[%emt 0:00:06]} Nf6 {[%emt 0:00:04]} 4. e5 {[%emt 0:01:23]}
Nfd7 {[%emt 0:00:05]} 5. c3 {[%emt 0:00:41]} c5 {[%emt 0:00:06]} 6. Bd3 {
[%emt 0:00:16]} Nc6 {[%emt 0:00:06]} 7. Ne2 {[%emt 0:00:10]} cxd4 {[%emt 0:00:
07]} 8. cxd4 {[%emt 0:00:05]} f6 {[%emt 0:00:05]} 9. exf6 {[%emt 0:00:07]} Nxf6
{[%emt 0:00:05]} 10. O-O {[%emt 0:00:32]} Bd6 {[%emt 0:00:04]} 11. Nf3 {
[%emt 0:00:12]} Qc7 {[%emt 0:00:07]} 12. h3 {[%emt 0:01:06]} O-O {[%emt 0:00:
55]} 13. Be3 {[%emt 0:00:16]} Bd7 {[%emt 0:05:05]} 14. Re1 {[%emt 0:01:16]}
Rae8 {[%emt 0:19:09]} 15. Rc1 {[%emt 0:03:12]} Re7 {[%emt 0:04:34]} 16. Ne5 {
[%emt 0:04:27]} Be8 {[%emt 0:08:41]} 17. Nc3 {[%emt 0:22:47]} Bxe5 {[%emt 0:16:
32]} 18. dxe5 {[%emt 0:00:57]} Qxe5 {[%emt 0:00:44]} 19. Bxa7 {[%emt 0:21:26]}
Qd6 {[%emt 0:01:56]} 20. Nb5 {[%emt 0:01:29]} Qd7 {[%emt 0:00:22]} 21. Bc5 {
[%emt 0:01:04]} e5 {[%emt 0:01:26]} 22. Nd6 {[%emt 0:09:29]} e4 {[%emt 0:12:27]
} 23. Nxe8 {[%emt 0:06:33]} Rfxe8 {[%emt 0:00:40]} 24. Bxe7 {[%emt 0:00:08]}
Nxe7 {[%emt 0:01:47]} 25. Bxe4 {[%emt 0:04:56]} dxe4 {[%emt 0:00:18]} 26. Qxd7
{[%emt 0:00:05]} Nxd7 {[%emt 0:00:05]} 27. Rxe4 {[%emt 0:00:03]} Nf6 {[%emt 0:
02:34]} 28. Rb4 {[%emt 0:00:21]} Nf5 {[%emt 0:02:22]} 29. Rxb7 {[%emt 0:00:29]}
h5 {[%emt 0:00:11]} 30. a4 {[%emt 0:02:13]} Nd4 {[%emt 0:00:41]} 31. Rd1 {
[%emt 0:01:41]} 1-0

[Event "Andorra open"]
[Site "Escaldes"]
[Date "2018.07.23"]
[Round "3.9"]
[White "Berkovich, Mark A"]
[Black "Smith, Axel"]
[Result "1/2-1/2"]
[WhiteElo "2344"]
[BlackElo "2491"]
[PlyCount "36"]
[EventDate "2018.07.21"]
[EventType "swiss"]
[EventCountry "AND"]

1. Nf3 d5 2. g3 Nf6 3. Bg2 c5 4. O-O h6 5. c4 d4 6. b4 cxb4 7. a3 bxa3 8. Bxa3
Nc6 9. e3 dxe3 10. fxe3 e5 11. Bxf8 Kxf8 12. Nc3 Be6 13. Qb3 Rc8 14. Qxb7 Bxc4
15. Rfd1 Qc7 16. Qxc7 Rxc7 17. d3 Bb3 18. Rdc1 Nb4 1/2-1/2

[Event "Andorra open"]
[Site "Escaldes"]
[Date "2018.07.23"]
[Round "3.10"]
[White "Admiraal, Miguoel"]
[Black "Blom, Vincent"]
[Result "1-0"]
[WhiteElo "2479"]
[BlackElo "2269"]
[PlyCount "47"]
[EventDate "2018.07.21"]
[EventType "swiss"]
[EventCountry "AND"]

1. d4 Nf6 2. c4 g6 3. f3 Bg7 4. e4 d6 5. Nc3 O-O 6. Nge2 c5 7. d5 a6 8. a4 e5
9. Bg5 h6 10. Be3 Nh7 11. h4 f5 12. Qd2 f4 13. Bf2 Nf6 14. g4 Bd7 15. a5 b5 16.
axb6 Qxb6 17. Nc1 Ra7 18. Na4 Bxa4 19. Rxa4 a5 20. Be2 Na6 21. Rxa5 Nb4 22.
Rxa7 Qxa7 23. Qxb4 Rb8 24. Qa3 1-0